Top 10 US Metro Areas Where Interracial Marriage is Most Common - Statistics

General Stats
  • This quiz has been taken 119 times
  • The average score is 4 of 10
Answer Stats
% Metro Area % Correct
27 San Diego-Carlsbad, CA
76%
42 Honolulu
74%
31 Las Vegas-Henderson-Paradise
70%
28 Anchorage
50%
28 Albuquerque
46%
28 Stockton-Lodi
19%
30 Santa Maria-Santa Barbara
17%
29 Fayetteville, NC
4%
27 Ogden-Clearfield, UT
4%
29 Palm Bay-Melbourne-Titusville
4%
No matching quizzes found
Score Distribution
Percent of People with Each Score
Percentile by Number Answered
Your Score History
You have not taken this quiz